| 000 | 01229nam0a22003491 4500 | ||
|---|---|---|---|
| 001 | v19\rc\1937544 | ||
| 005 | 20251118180802.1 | ||
| 035 | _a(NLR Aleph) 005021526 | ||
| 090 |
_a6594272 _c6594272 |
||
| 100 | _a20080404d1912 u y0rusy50 ca | ||
| 101 | 1 |
_arus _cfre |
|
| 102 | _aRU | ||
| 105 | _aah z |||c| | ||
| 200 | 1 |
_aОчерк истории элементарной геометрии _fЕ. Фурре _gПер. с фр. А.И. Бакова |
|
| 210 |
_aОдесса _cMathesis _d1912 |
||
| 215 |
_a48 с., 1 л. фронт. (факс.) _cфронт. (ил.), ил. _d18 |
||
| 225 | 1 |
_aБиблиотека элементарной математики _fПод общ. ред. прив.-доц. С.О. Шатуновского _v2 |
|
| 320 | _aБиблиогр. в конце каждого параграфа | ||
| 700 | 1 |
_aФурре _bЭ. |
|
| 702 | 1 |
_aБакова _bК.И. _4730 |
|
| 801 | 0 |
_aRU _bNLR _gpsbo |
|
| 801 | 0 |
_aRU _bRuMoRGB _2psbo |
|
| 801 | 1 |
_aRU _bProSoft-M _2rusmarc |
|
| 852 |
_aNLR _j119/14 |
||
| 899 |
_aRuMoRGB _jF 123/261 |
||
| 899 |
_aRuMoRGB _jV 444/1645 |
||
| 899 |
_aRuMoRGB _jU 57/931 |
||
| 899 | _aНБ СПбГУ | ||
| 899 | _aНБ МГУ | ||
| 899 | _aБАН | ||
| 942 | _cBOOK | ||
| 980 | _aNB | ||